000
00253nam a2200097Ia 4500
001
692049
005
20250826161847.0
008
250824s9999 xx 000 0 und d
245
0
_a
UZUN LAFIN KISASI HAYIRLISI
_c
ONUR KAPLAN
260
_b
HAYY KİTAP YAYINLARI
999
_c
692049
_d
692049